Highest Rated Albums of the 2010s - Statistics

General Stats
  • This quiz has been taken 41 times
  • The average score is 22 of 39
Answer Stats
Year Rating Album Artist Genre % Correct
2015 95 To Pimp a Butterfly Kendrick Lamar Conscious Hip Hop
94%
2012 94 good kid, m.A.A.d. city Kendrick Lamar West Coast Hip Hop
94%
2017 85 DAMN. Kendrick Lamar Conscious Hip Hop
94%
2010 89 My Beautiful Dark Twisted Fantasy Kanye West Pop Rap
91%
2016 84 The Life of Pablo Kanye West Pop Rap
91%
2013 84 Yeezus Kanye West Industrial Hip Hop
91%
2019 91 IGOR Tyler, The Creator Neo-Soul
83%
2017 85 Flower Boy Tyler, The Creator West Coast Hip Hop
83%
2011 84 LIVE.LOVE.A$AP A$AP Rocky Cloud Rap
77%
2016 89 Blonde Frank Ocean Alternative R&B
74%
2012 87 channel ORANGE Frank Ocean Alternative R&B
74%
2016 86 Lemonade Beyoncé Contemporary R&B
71%
2017 83 4:44 JAY-Z East Coast Hip Hop
66%
2017 84 Ctrl SZA Alternative R&B
63%
2015 87 Rodeo Travis Scott Trap
63%
2019 88 Norman F—— Rockwell! Lana Del Ray Singer-Songwriter
60%
2017 88 Melodrama Lorde Synth Pop
60%
2013 83 Pure Heroine Lorde Alt Pop
60%
2015 86 Currents Tame Impala Synth Pop
60%
2013 87 Random Access Memory Daft Punk Electro-Disco
54%
2016 90 Atrocity Exhibition Danny Brown Experimental Hip Hop
49%
2011 89 Exmilitary Death Grips Industrial Hip Hop
49%
2012 88 The Money Store Death Grips Industrial Hip Hop
49%
2016 88 Bottomless Pit Death Grips Industrial Hip Hop
49%
2018 86 Swimming Mac Miller Pop Rap
49%
2018 85 DAYTONA Pusha T Hardcore Hip Hop
49%
2016 90 ★ [Black Star] David Bowie Art Rock
43%
2018 86 TA13OO Denzel Curry Southern Hip Hop
43%
2014 90 Piñata Freddie Gibbs & Madlib Gangsta Rap
43%
2010 88 Plastic Beach Gorillaz Art Pop
40%
2016 88 A Moon Shaped Pool Radiohead Art Pop
40%
2018 84 some rap songs Earl Sweatshirt Abstract Hip Hop
37%
2019 84 All My Heroes Are Cornballs JPEGMAFIA Experimental Hip Hop
37%
2018 90 Twin Fantasy (Face to Face) Car Seat Headrest Indie Rock
34%
2015 89 Carrie & Lowell Sufjan Stevens Singer-Songwriter
26%
2018 84 Trench twenty one pilots Alt-Pop
26%
2019 87 MAGDALENE FKA twigs Art Pop
20%
2018 86 OIL OF EVERY PEARL'S UN-INSIDES Sophie Bubblegum Bass
14%
2019 89 Titanic Rising Weyes Blood Art Pop
14%
No matching quizzes found
Score Distribution
Percent of People with Each Score
Percentile by Number Answered
Your Score History
You have not taken this quiz